000 00462pab a2200169 454500
008 180718b2013 xxu||||| |||| 00| 0 eng d
100 _aShah, Tanvi
245 _aLeader motives, impression management, and Charisma: A comparison of Steve Jobs and Bill Gates
260 _c2013
300 _ap.155-184.
362 _aAug
650 _aLeadership
700 _aMulla, Zubin R.
773 _aManagement and Labour Studies
908 _aN
909 _a104523
999 _c104519
_d104519